Welcome to the Holygrace Academy Library

Please use search bar below to get started

MATHEMATICS IIT-JEE (Record no. 1342)

MARC details
000 -LEADER
fixed length control field 00409nam a22001577a 4500
020 ## - INTERNATIONAL STANDARD BOOK NUMBER
ISBN 978-93-5501-408-5
082 ## - DEWEY DECIMAL CLASSIFICATION NUMBER
Classification number 510
Item number KHA/M
100 ## - MAIN ENTRY--AUTHOR NAME
Personal name KHANNA, M.L
245 ## - TITLE STATEMENT
Title MATHEMATICS IIT-JEE
Remainder of title MATHEMATICS
246 ## - VARYING FORM OF TITLE
Title proper/short title MATHEMATICS IIT-JEE
Remainder of title MATHEMATICS
260 ## - PUBLICATION, DISTRIBUTION, ETC. (IMPRINT)
Place of publication DELHI
Name of publisher S CHAND AND COMPANY LIMITED
Year of publication 2023
300 ## - PHYSICAL DESCRIPTION
Number of Pages 1922
520 ## - SUMMARY, ETC.
Summary, etc MATHEMATICS JEE/IIT
650 ## - SUBJECT ADDED ENTRY--TOPICAL TERM
Topical Term MATHEMATICS JEE/IIT
942 ## - ADDED ENTRY ELEMENTS (KOHA)
Koha item type Books

No items available.